[Event "Nettetal op"]
[Site "Nettetal"]
[Date "2010.07.08"]
[Round "6"]
[White "Heinrichs, Ralf"]
[Black "Schroiff, Rene"]
[Result "1-0"]
[WhiteElo "1801"]
[BlackElo "1451"]
[PlyCount "99"]
[EventDate "2010.07.03"]
[EventType "swiss"]
[EventRounds "9"]
[EventCountry "GER"]
[SourceTitle "CBM 137 Extra"]
[Source "ChessBase"]
[SourceDate "2010.09.01"]
[SourceVersion "1"]
[SourceVersionDate "2010.09.01"]
[SourceQuality "1"]

1. b4 e5 2. Bb2 d6 3. Nf3 e4 4. Nd4 Nc6 5. Nxc6 bxc6 6. e3 Bd7 7. d3 Nf6 8. Nd2 d5 9. a3 exd3 10. Bxd3 Bd6 11. c4 0-0 12. Qc2 h6 13. c5 Be7 14. 0-0 Qc8 15. Nf3 Re8 16. Rad1 Bg4 17. Be2 Qf5 18. Qa4 Bxf3 19. Bxf3 Qe6 20. h3 Reb8 21. Bd4 a5 22. bxa5 Rb5 23. a6 Qc8 24. Be2 Rxa6 25. Qc2 Rxa3 26. Bxb5 cxb5 27. Qb2 Qa6 28. Ra1 Ra4 29. Qb3 Ne4 30. Qxd5 Nxc5 31. Qe5 Ne6 32. Rxa4 bxa4 33. Ba1 Qd6 34. Qb5 a3 35. Qb8+ Kh7 36. Qb1+ Kg8 37. Rd1 Qb4 38. Qa2 c5 39. Rb1 Qa4 40. Rb8+ Nf8 41. Rb1 c4 42. Rc1 Qb3 43. Qc2 Nd7 44. Qe4 Bb4 45. Qg4 c3 46. Qxd7 a2 47. Qd3 Kh8 48. Kh2 Qa3 49. Rxc3 Bxc3 50. Qxc3 1-0

[Event "Nettetal op"]
[Site "Nettetal"]
[Date "2010.07.06"]
[Round "4"]
[White "Schroiff, Rene"]
[Black "Samarian, Cornel"]
[Result "0-1"]
[WhiteElo "1451"]
[BlackElo "1792"]
[PlyCount "180"]
[EventDate "2010.07.03"]
[EventType "swiss"]
[EventRounds "9"]
[EventCountry "GER"]
[SourceTitle "CBM 137 Extra"]
[Source "ChessBase"]
[SourceDate "2010.09.01"]
[SourceVersion "1"]
[SourceVersionDate "2010.09.01"]
[SourceQuality "1"]

1. e4 c5 2. Nf3 e6 3. d4 cxd4 4. Nxd4 Bc5 5. Nb3 Bb6 6. Nc3 Ne7 7. Bf4 d5 8. exd5 Nxd5 9. Nxd5 exd5 10. Bb5+ Nc6 11. Qe2+ Be6 12. 0-0 0-0 13. Bd3 Qf6 14. Bd6 Rfd8 15. Ba3 Nd4 16. Nxd4 Bxd4 17. c3 Bb6 18. Qc2 g6 19. b3 Rac8 20. Bb2 Qg7 21. Qd2 d4 22. c4 a5 23. Be4 Rd7 24. Qd3 Rcd8 25. Rac1 Bc5 26. Rc2 b6 27. Rd1 Qf6 28. Qf3 Qxf3 29. gxf3 f5 30. Bd3 Kf7 31. Bc1 Be7 32. Kg2 g5 33. Re2 Bf6 34. Rde1 Re7 35. Ba3 Ree8 36. c5 bxc5 37. Bb5 Bd7 38. Bc4+ Kg6 39. Rxe8 Bxe8 40. Bxc5 Bf7 41. Bb6 Rc8 42. Bxf7+ Kxf7 43. Bxa5 Rc2 44. a4 Rb2 45. b4 Ra2 46. Bc7 Rxa4 47. b5 Rb4 48. b6 Be7 49. Rc1 Ke6 50. Re1+ Kd7 51. Re5 f4 52. h4 h6 53. hxg5 Bxg5 54. Rd5+ Kc6 55. Rd6+ Kb7 56. Bd8 Bxd8 57. Rxd8 Kxb6 58. Rd6+ Kc5 59. Rxh6 d3 60. Rh8 Rb1 61. Rd8 Kc4 62. Rc8+ Kd4 63. Rd8+ Kc3 64. Rc8+ Kd2 65. Rd8 Rb3 66. Rf8 Rb4 67. Rc8 Kd1 68. Kf1 d2 69. Rc7 Rb2 70. Rc8 Rc2 71. Ra8 Rc1 72. Kg2 Rc7 73. Kf1 Re7 74. Rc8 Re1+ 75. Kg2 Ke2 76. Re8+ Kd3 77. Rd8+ Kc3 78. Rc8+ Kb4 79. Rb8+ Kc5 80. Rc8+ Kb6 81. Rd8 d1Q 82. Rxd1 Rxd1 83. Kh3 Kc6 84. Kg4 Rd4 85. Kh3 Kd5 86. Kg4 Kc4 87. Kh4 Kd3 88. Kh3 Ke2 89. Kg2 Rd3 90. Kh2 Kxf2 0-1